000 00567cam a22001571 4500
001 7983474
005 20250630092901.0
008 730705s1964 enk 000 0 eng
050 0 0 _aBS1965 1964
082 _a220.48
245 1 4 _aThe Greek New Testament:
_bbeing the text translated in The New English Bible, 1961.
_cEdited with introd., textual notes, and appendix by R.V.G. Tasker.
260 _a[London]
_bOxford University Press,
_c1964.
300 _axiii, 445 p.
_c24 cm.
700 1 _aTasker, R. V. G.
_q(Randolph Vincent Greenwood),
_d1895-
942 _2lcc
_cBK
_n0
999 _c6776
_d6776